|
|
|
|
| LEADER |
00000nam0a2200000 4500 |
| 001 |
327033 |
| 005 |
20231102003923.0 |
| 035 |
|
|
|a (RuTPU)RU\TPU\book\352693
|
| 090 |
|
|
|a 327033
|
| 100 |
|
|
|a 20170124d1975 m y0rusy50 ca
|
| 101 |
0 |
|
|a rus
|
| 102 |
|
|
|a RU
|
| 105 |
|
|
|a a j 001zy
|
| 200 |
1 |
|
|a Транспортные машины и автоматизированные комплексы открытых разработок
|e учебник для вузов
|f А. В. Андреев, В. А. Дьяков, Е. Е. Шешко
|
| 210 |
|
|
|a Москва
|c Недра
|d 1975
|
| 215 |
|
|
|a 464 с.
|c ил.
|
| 320 |
|
|
|a Библиогр.: с. 460-461
|
| 606 |
1 |
|
|a Карьерный транспорт
|2 stltpush
|3 (RuTPU)RU\TPU\subj\13947
|9 40479
|
| 606 |
1 |
|
|a Горные работы открытые
|2 stltpush
|3 (RuTPU)RU\TPU\subj\73353
|9 86385
|
| 610 |
1 |
|
|a транспортные машины
|
| 610 |
1 |
|
|a горные машины
|
| 610 |
1 |
|
|a автоматизированные комплексы
|
| 610 |
1 |
|
|a открытые разработки
|
| 610 |
1 |
|
|a железнодорожный транспорт
|
| 610 |
1 |
|
|a автомобильный транспорт
|
| 610 |
1 |
|
|a конвейерный транспорт
|
| 610 |
1 |
|
|a комбинированный транспорт
|
| 610 |
1 |
|
|a гидротранспорт
|
| 610 |
1 |
|
|a канатные подвесные дороги
|
| 610 |
1 |
|
|a рельсовый транспорт
|
| 610 |
1 |
|
|a конструкции
|
| 610 |
1 |
|
|a надежность
|
| 610 |
1 |
|
|a долговечность
|
| 610 |
1 |
|
|a ремонт
|
| 610 |
1 |
|
|a эксплуатация
|
| 610 |
1 |
|
|a монтаж
|
| 610 |
1 |
|
|a учебники
|
| 675 |
|
|
|a 622.68(075.8)
|v 4
|
| 675 |
|
|
|a 622.271(075.8)
|v 4
|
| 700 |
|
1 |
|a Андреев
|b А. В.
|g Алексей Владимирович
|
| 701 |
|
1 |
|a Дьяков
|b В. А.
|g Владимир Алексеевич
|
| 701 |
|
1 |
|a Шешко
|b Е. Е.
|g Евгения Евгеньевна
|
| 801 |
|
1 |
|a RU
|b 63413507
|c 20170124
|
| 801 |
|
2 |
|a RU
|b 63413507
|c 20170127
|g RCR
|
| 942 |
|
|
|c BK
|